| 000 -LEADER |
| fixed length control field |
00784nam a2200217Ia 4500 |
| 001 - CONTROL NUMBER |
| control field |
17531 |
| 003 - CONTROL NUMBER IDENTIFIER |
| control field |
GE_BSU |
| 008 - FIXED-LENGTH DATA ELEMENTS--GENERAL INFORMATION |
| fixed length control field |
181216s||||||||xx |||||||||||||| ||und|| |
| 020 ## - INTERNATIONAL STANDARD BOOK NUMBER |
| International Standard Book Number |
9785865473503 |
| 040 ## - CATALOGING SOURCE |
| Transcribing agency |
GE_BSU |
| 245 ## - TITLE STATEMENT |
| Title |
Дорога в Россию.Первый уровень:том1 |
| 245 ## - TITLE STATEMENT |
| Remainder of title |
Первый уровень:том1 |
| 260 ## - PUBLICATION, DISTRIBUTION, ETC. |
| Place of publication, distribution, etc. |
Санкт-Петербург |
| 260 ## - PUBLICATION, DISTRIBUTION, ETC. |
| Name of publisher, distributor, etc. |
Златоуст |
| 260 ## - PUBLICATION, DISTRIBUTION, ETC. |
| Date of publication, distribution, etc. |
2006 |
| 300 ## - PHYSICAL DESCRIPTION |
| Extent |
СD. 60мин. |
| 653 ## - INDEX TERM--UNCONTROLLED |
| Uncontrolled term |
Аудиоприложение к третьей части (том1) (уровен В1) основного курса русского языка для взрослых |
| 653 ## - INDEX TERM--UNCONTROLLED |
| Uncontrolled term |
тексты диалоги и фонетические упражнения. |
| 942 ## - ADDED ENTRY ELEMENTS (KOHA) |
| Koha item type |
კომპიუტერის ფაილები |